000 003850000a22001090004500
100 1 _aHead, Peter M.
245 1 0 _aThe problem of the text of Acts by W. A. Strange
300 _aVol. LXVI, No. 1 (January, 1994), Páginas 87-91
500 _aSNTSMS 71; Cambridge : CUP, 1992, Xiv+258 pp. ISBN 0-521-41384-2
773 0 _tThe evangelical quarlerly : An international revie
942 _cANA
999 _c59702
_d59702